Lil Darkie Lyrics - Statistics

General Stats
  • This quiz has been taken 37 times
  • The average score is 3 of 7
Answer Stats
Hint Answer % Correct
B-B-B-B***h I'm smoking gas in my chambers like it's the _________ holocaust
97%
Once upon a time, Darkie was camping in the _____ forest
84%
This just in, Lil Darkie is ______ racist
65%
They did 9/11 to get the _________ _____ insurance claim
29%
I'm inside the hellcat and I'm doing ___ 205
26%
Ain't nobody dance __ ___ no more
26%
I'm just here to say ___ __ __ kids. meth is bad
6%
No matching quizzes found
Score Distribution
Percent of People with Each Score
Percentile by Number Answered
Your Score History
You have not taken this quiz